Countries A-Z Most Guessed on JetPunk - Statistics

General Stats
  • This quiz has been taken 63 times
  • The average score is 21 of 24
Answer Stats
Letter % Guessed Country % Correct
A 93 % Australia
96%
D 82 % Denmark
96%
F 94 % France
96%
C 96 % Canada
95%
J 91 % Japan
95%
Q 52 % Qatar
95%
U 97 % United States
95%
Y 63 % Yemen
95%
Z 55 % Zimbabwe
95%
O 61 % Oman
93%
R 95 % Russia
89%
B 93 % Brazil
88%
G 92 % Germany
88%
S 92 % Spain
86%
H 67 % Hungary
84%
V 82 % Vietnam
82%
E 86 % Egypt
81%
I 93 % Italy
81%
P 87 % Portugal
81%
T 84 % Turkey
79%
K 69 % Kazakhstan
77%
M 94 % Mexico
77%
L 62 % Latvia
65%
N 85 % North Korea
60%
No matching quizzes found
Score Distribution
Percent of People with Each Score
Percentile by Number Answered
Your Score History
You have not taken this quiz